Machine Learning : A Bayesian and Optimization Perspective /

Uloženo v:
Podrobná bibliografie
Hlavní autor: Theodoridis, Sergios (autor)
Médium: Kniha
Jazyk:angličtina
Vydáno: Londres, Inglaterra : Academic Press : Elsevier, 2015, c2015
Témata:
On-line přístup:Ver documento en línea
Tagy: Přidat tag
Žádné tagy, Buďte první, kdo vytvoří štítek k tomuto záznamu!

MARC

LEADER 00000nam^a2200000^a^4500
001 000399966
005 20251023000000.0
009 20260310121606.568
020 |a 978-0-12-801722-7 
037 |a Acervo ITESO - Biblioteca 
041 |a ING 
082 |a 006. 31  |b KUB 
100 |a Theodoridis, Sergios  |e (autor) 
245 1 0 |a Machine Learning :  |b A Bayesian and Optimization Perspective /  |c S. Theodoridis. 
264 4 |a Londres, Inglaterra :  |b Academic Press :  |b Elsevier,  |c 2015, c2015 
264 2 |a Birmingham, EUA :  |b EBSCOhost [distribución],  |c 2015 
300 |a 1 libro electrónico en línea (XXIV, 1050 p.) 
300 |a 1 recurso en línea 
336 |a datos para computadora  |b cod  |2 rdacontenido 
337 |a computadora  |b c  |2 rdamedio 
338 |a recurso en línea  |b cr  |2 rdasoporte 
506 1 |a 3 licencias 
521 |a Peticiones 2018 
649 |a XX 
650 |a Aprendizaje Automático (Inteligencia Artificial) -  |x Tema Principal 
650 |a Inteligencia Artificial 
650 |a Autómatas Matemáticos -  |x Teoría 
650 |a Estadística Bayesiana 
650 |a Decisiones Estadísticas -  |x Teoría 
650 |a Optimización Matemática 
650 |a Análisis Matemático 
650 |a Ingeniería Computacional 
856 4 0 |u https://ezproxy.iteso.mx/login?url=https://search.ebscohost.com/login.aspx?direct=true&scope=site&db=nlebk&db=nlabk&AN=975222  |y Ver documento en línea 
910 |a Fondo General 
920 |a Electrónicos - Libros en Línea 
930 |a Plataforma Digital 
905 |a 205 
901 |a 399966-1  |b IT2  |c EBO  |i C1357  |u 20250521 
901 |a 399966-2  |b IT2  |c EBO  |i C1357  |u 20250521 
901 |a 399966-3  |b IT2  |c EBO  |i C1357  |u 20250521 
902 |a https://opac.biblio.iteso.mx/vufind/Record/000399966